[Event "Rhodes Easter Open"]
[Site "Rhodes"]
[Date "2022.04.21"]
[Round "1.1"]
[White "Skytte, Rasmus"]
[Black "Hansen, Alex Mehr"]
[Result "1-0"]
[WhiteElo "2357"]
[BlackElo "1875"]
[PlyCount "83"]
[EventDate "2022.??.??"]
[EventCountry "GRE"]
[WhiteTeam "Denmark"]
[BlackTeam "Denmark"]
[WhiteTeamCountry "DEN"]
[BlackTeamCountry "DEN"]

1. e4 c6 2. Nc3 d5 3. Nf3 dxe4 4. Nxe4 Nf6 5. Qe2 Bg4 6. h3 Bh5 7. Nxf6+ gxf6
8. d3 e6 9. Bd2 Qb6 10. O-O-O Nd7 11. g4 Bg6 12. Nh4 Bb4 13. f4 Bxd2+ 14. Rxd2
Qa5 15. Kb1 O-O-O 16. Bg2 f5 17. Rdd1 fxg4 18. hxg4 Rdg8 19. Rdf1 Nf6 20. f5
exf5 21. Nxf5 Bxf5 22. Rxf5 Qd8 23. Qf2 Nxg4 24. Qxa7 Qc7 25. Bh3 h5 26. Rhf1
f6 27. Rxf6 Qb8 28. Qd4 Rd8 29. Bxg4+ hxg4 30. Qxg4+ Kc7 31. Rf7+ Kb6 32. Qb4+
Ka6 33. R7f5 b5 34. a4 Rh6 35. axb5+ cxb5 36. Qa3+ Kb6 37. c4 bxc4 38. dxc4 Kc7
39. Qc5+ Kb7 40. Rf7+ Ka6 41. Ra7+ Qxa7 42. Qb5# 1-0

[Event "Rhodes Easter Open"]
[Site "Rhodes"]
[Date "2022.04.22"]
[Round "2.1"]
[White "Yaramis, Hakan"]
[Black "Skytte, Rasmus"]
[Result "0-1"]
[WhiteElo "2021"]
[BlackElo "2357"]
[PlyCount "116"]
[EventDate "2022.??.??"]
[EventCountry "GRE"]
[WhiteTeam "Turkey"]
[BlackTeam "Denmark"]
[WhiteTeamCountry "TUR"]
[BlackTeamCountry "DEN"]

1. d4 Nf6 2. c4 c5 3. d5 e6 4. Nc3 exd5 5. cxd5 d6 6. e4 g6 7. Bd3 Bg7 8. Nf3
O-O 9. O-O Bg4 10. h3 Bxf3 11. Qxf3 Nfd7 12. Qg3 a6 13. a4 Qc7 14. a5 Re8 15.
f4 c4 16. Bc2 Nc5 17. Qf3 Nbd7 18. Be3 Rac8 19. Rfd1 Nb3 20. Bxb3 cxb3 21. Bd4
Bxd4+ 22. Rxd4 Qc5 23. Qf2 f6 24. Rd3 Qxf2+ 25. Kxf2 Rc4 26. Kf3 Nc5 27. Re3 h6
28. Rae1 Kf7 29. g3 Re7 30. R1e2 g5 31. Re1 Re8 32. R1e2 h5 33. Re1 Rd4 34.
R1e2 Kg7 35. Re1 Rd2 36. R1e2 Rd4 37. Re1 Re7 38. R1e2 Kh6 39. Re1 h4 40. Rd1
Rxd1 41. Nxd1 hxg3 42. fxg5+ Kxg5 43. Kxg3 Rxe4 44. Rxe4 Nxe4+ 45. Kf3 Nd2+ 46.
Ke3 Nc4+ 47. Kd4 Nxa5 48. Ne3 b5 49. h4+ Kg6 50. Kc3 Nc4 51. Ng2 Nb6 52. Kd4
Na4 53. Nf4+ Kf5 54. h5 Kg5 55. Ne6+ Kxh5 56. Ng7+ Kg6 57. Ne8 Nxb2 58. Kc3 Nc4
0-1

[Event "Rhodes Easter Open"]
[Site "Rhodes"]
[Date "2022.04.22"]
[Round "2.2"]
[White "Toktomushev, Teimur"]
[Black "Goroshkov, Maksym"]
[Result "0-1"]
[WhiteElo "1946"]
[BlackElo "2111"]
[PlyCount "104"]
[EventDate "2022.??.??"]
[EventCountry "GRE"]
[WhiteTeam "Ukraine"]
[BlackTeam "Ukraine"]
[WhiteTeamCountry "UKR"]
[BlackTeamCountry "UKR"]

1. d4 Nf6 2. c4 c5 3. d5 d6 4. Nc3 g6 5. e4 Bg7 6. Nf3 O-O 7. h3 e5 8. g4 Na6
9. Be2 Ne8 10. Be3 Nac7 11. Qd2 Bd7 12. O-O-O a6 13. Rdg1 b5 14. Ne1 bxc4 15.
a4 Nb5 16. axb5 axb5 17. Nc2 b4 18. Nb1 Bb5 19. Kd1 Ra2 20. Qc1 Qa5 21. Bd2 c3
22. Nxc3 bxc3 23. Bxc3 Bxe2+ 24. Kxe2 Qb5+ 25. Kf3 f5 26. gxf5 gxf5 27. Kg2 Qd3
28. Re1 f4 29. f3 Rf6 30. Qd1 Qb5 31. Na3 Rg6+ 32. Kh2 Rxb2+ 33. Bxb2 Qxb2+ 34.
Nc2 Bf6 35. Rhg1 Bh4 36. Rxg6+ hxg6 37. Re2 Qb3 38. Ne3 Qa3 39. Ng2 Bg3+ 40.
Kg1 Qxf3 41. Qa4 Ng7 42. Qc4 Qh5 43. Qd3 Qxh3 44. Ne1 g5 45. Qa6 Qh5 46. Qd3 g4
47. Nc2 f3 48. Rd2 Bf4 49. Ne3 g3 50. Ra2 g2 51. Nxg2 Qh2+ 52. Kf1 Qh1+ 0-1

[Event "Rhodes Easter Open"]
[Site "Rhodes"]
[Date "2022.04.22"]
[Round "2.3"]
[White "Angelov, Zvetomir"]
[Black "Nielsen, Martin Skovso"]
[Result "1/2-1/2"]
[WhiteElo "2084"]
[BlackElo "1839"]
[PlyCount "48"]
[EventDate "2022.??.??"]
[EventCountry "GRE"]
[WhiteTeam "Bulgaria"]
[BlackTeam "Denmark"]
[WhiteTeamCountry "BUL"]
[BlackTeamCountry "DEN"]

1. c4 e5 2. Nc3 Nf6 3. Nf3 Nc6 4. e4 Be7 5. a3 a5 6. Be2 O-O 7. O-O b6 8. d4
exd4 9. Nxd4 Nxd4 10. Qxd4 Bc5 11. Qd3 Re8 12. Kh1 Bf8 13. Bg5 Bb7 14. f3 d6
15. Bd1 Be7 16. Ba4 Rf8 17. Be3 Nd7 18. Bxd7 Qxd7 19. Bd4 Rae8 20. Rae1 Bd8 21.
Re2 Re6 22. Rfe1 f5 23. exf5 Rxe2 24. Rxe2 Qxf5 1/2-1/2

[Event "Rhodes Easter Open"]
[Site "Rhodes"]
[Date "2022.04.22"]
[Round "2.4"]
[White "Andrijashkin, Deniss"]
[Black "Routsi, Efthimios-Alexandro"]
[Result "1-0"]
[WhiteElo "2076"]
[BlackElo "1775"]
[PlyCount "39"]
[EventDate "2022.??.??"]
[EventCountry "GRE"]
[WhiteTeam "Estonia"]
[BlackTeam "Greece"]
[WhiteTeamCountry "EST"]
[BlackTeamCountry "GRE"]

1. e4 e5 2. Nc3 Nf6 3. g3 Nc6 4. Bg2 g6 5. Nge2 Bg7 6. O-O d6 7. d3 O-O 8. h3
Ne7 9. f4 c6 10. Be3 Qc7 11. Qd2 Rd8 12. Rf2 Ne8 13. Raf1 f6 14. g4 d5 15. fxe5
fxe5 16. Bh6 Bxh6 17. Qxh6 Ng7 18. Rf7 Qb6+ 19. Kh1 Nef5 20. R1xf5 1-0

[Event "Rhodes Easter Open"]
[Site "Rhodes"]
[Date "2022.04.23"]
[Round "3.1"]
[White "Skytte, Rasmus"]
[Black "Shahmammadli, Safkhan"]
[Result "1-0"]
[WhiteElo "2357"]
[BlackElo "2063"]
[PlyCount "53"]
[EventDate "2022.??.??"]
[EventCountry "GRE"]
[WhiteTeam "Denmark"]
[BlackTeam "Switzerland"]
[WhiteTeamCountry "DEN"]
[BlackTeamCountry "SUI"]

1. e4 g6 2. d4 d6 3. Nc3 Bg7 4. Nf3 a6 5. a4 Nf6 6. Bg5 O-O 7. Qd2 Nc6 8. h3 b6
9. d5 Nb4 10. Bc4 e5 11. dxe6 Bxe6 12. Bxe6 fxe6 13. O-O Qe8 14. e5 dxe5 15.
Nxe5 Nfd5 16. Nxd5 Nxd5 17. Rfe1 Rf5 18. Ng4 Kh8 19. c4 Nf6 20. Nh6 Rc5 21.
Rac1 Qf8 22. h4 Rd8 23. Qd4 Ra8 24. Qd2 Re8 25. b4 Rc6 26. Bxf6 Qxf6 27. Qd7
1-0

[Event "Rhodes Easter Open"]
[Site "Rhodes"]
[Date "2022.04.23"]
[Round "3.2"]
[White "Goroshkov, Maksym"]
[Black "Krivenko, Dion"]
[Result "1-0"]
[WhiteElo "2111"]
[BlackElo "2025"]
[PlyCount "111"]
[EventDate "2022.??.??"]
[EventCountry "GRE"]
[WhiteTeam "Ukraine"]
[BlackTeam "Estonia"]
[WhiteTeamCountry "UKR"]
[BlackTeamCountry "EST"]

1. e4 c5 2. c3 d5 3. exd5 Qxd5 4. d4 Nc6 5. Nf3 Bf5 6. Be2 cxd4 7. cxd4 Bxb1 8.
Rxb1 Nf6 9. O-O e6 10. a3 Be7 11. Be3 O-O 12. h3 Rfd8 13. Qa4 Nd7 14. Bc4 Qd6
15. Ba2 Nb6 16. Qb5 Nd5 17. Bxd5 Qxd5 18. Qxb7 Bf6 19. Rfc1 Nxd4 20. Qxd5 Rxd5
21. Nxd4 Bxd4 22. Bxd4 Rxd4 23. Rc7 a5 24. b4 axb4 25. axb4 Rd6 26. b5 Rb6 27.
Rc6 Rab8 28. Rxb6 Rxb6 29. Kf1 Kf8 30. Ke2 Ke7 31. Kd3 Rb8 32. Kc4 Rc8+ 33. Kb3
Rc5 34. Ka4 Kd7 35. Rb2 Kc7 36. Ka5 Rc1 37. Ra2 Kb7 38. Rd2 Ra1+ 39. Kb4 Rb1+
40. Kc5 Rc1+ 41. Kd6 Rc4 42. Ke7 Rf4 43. Kf8 Kb6 44. Kxg7 Kxb5 45. Kxh7 Kc4 46.
Kg7 Kc3 47. Ra2 e5 48. g3 Rf5 49. h4 e4 50. g4 Rf4 51. g5 Kd4 52. h5 Rg4 53. g6
fxg6 54. h6 g5 55. h7 Rh4 56. Ra3 1-0

[Event "Rhodes Easter Open"]
[Site "Rhodes"]
[Date "2022.04.23"]
[Round "3.3"]
[White "Ehab, Mohamed"]
[Black "Andrijashkin, Deniss"]
[Result "0-1"]
[WhiteElo "1934"]
[BlackElo "2076"]
[PlyCount "62"]
[EventDate "2022.??.??"]
[EventCountry "GRE"]
[WhiteTeam "Egypt"]
[BlackTeam "Estonia"]
[WhiteTeamCountry "EGY"]
[BlackTeamCountry "EST"]

1. e4 g6 2. d4 Bg7 3. Nf3 d6 4. Bd3 Nd7 5. O-O e5 6. c3 Ngf6 7. h3 O-O 8. Be3
Qe7 9. Re1 b6 10. Nbd2 Bb7 11. a4 a5 12. Qc2 Rfe8 13. d5 Qf8 14. Bb5 Bh6 15.
Ng5 Qe7 16. b4 Nh5 17. h4 Reb8 18. Reb1 f6 19. Ne6 Bxe3 20. fxe3 Nf8 21. Nxf8
Rxf8 22. Nf3 Bc8 23. Rf1 Bg4 24. Nh2 f5 25. exf5 Qxh4 26. fxg6 Ng3 27. Rf7 Bf5
28. Rxh7 Qg5 29. Nf3 Qxg6 30. Qf2 Kxh7 31. Nh4 Qg4 0-1

[Event "Rhodes Easter Open"]
[Site "Rhodes"]
[Date "2022.04.23"]
[Round "3.4"]
[White "Klifoth, Kurt"]
[Black "Angelov, Zvetomir"]
[Result "1/2-1/2"]
[WhiteElo "2093"]
[BlackElo "2084"]
[PlyCount "67"]
[EventDate "2022.??.??"]
[EventCountry "GRE"]
[WhiteTeam "Denmark"]
[BlackTeam "Bulgaria"]
[WhiteTeamCountry "DEN"]
[BlackTeamCountry "BUL"]

1. d4 c5 2. d5 e5 3. e4 d6 4. f4 exf4 5. Bxf4 Qf6 6. Qc1 Qg6 7. Nc3 Nf6 8. Qe3
Ng4 9. Qg3 h5 10. Nf3 Be7 11. h4 O-O 12. O-O-O Nd7 13. Bd3 Nge5 14. Nxe5 Qxg3
15. Bxg3 Nxe5 16. Bxe5 dxe5 17. Be2 Bg4 18. Bxg4 hxg4 19. d6 Bf6 20. Nd5 Bd8
21. Ne3 Re8 22. Rd5 Re6 23. g3 Bb6 24. Nc4 f6 25. a4 Rc8 26. d7 Rd8 27. Rhd1
Rc6 28. h5 Kh7 29. Ne3 c4 30. Nf5 Bc5 31. c3 b6 32. Kc2 Rc7 33. R1d2 Rc6 34.
Kd1 1/2-1/2

[Event "Rhodes Easter Open"]
[Site "Rhodes"]
[Date "2022.04.24"]
[Round "4.1"]
[White "Andrijashkin, Deniss"]
[Black "Skytte, Rasmus"]
[Result "1/2-1/2"]
[WhiteElo "2076"]
[BlackElo "2357"]
[PlyCount "42"]
[EventDate "2022.??.??"]
[EventCountry "GRE"]
[WhiteTeam "Estonia"]
[BlackTeam "Denmark"]
[WhiteTeamCountry "EST"]
[BlackTeamCountry "DEN"]

1. e4 d5 2. exd5 Qxd5 3. Nc3 Qa5 4. d4 Nf6 5. Nf3 Bf5 6. Bc4 e6 7. Bd2 Bb4 8.
O-O c6 9. Ne5 Nbd7 10. a3 Bxc3 11. Bxc3 Qc7 12. Bd3 Bxd3 13. Qxd3 O-O 14. b3
Rfd8 15. Qe2 Nf8 16. Rfd1 Ng6 17. Nxg6 hxg6 18. Qe5 Qc8 19. Bb2 Rd5 20. Qe2 Qc7
21. c4 Rd7 1/2-1/2

[Event "Rhodes Easter Open"]
[Site "Rhodes"]
[Date "2022.04.24"]
[Round "4.2"]
[White "Angelov, Zvetomir"]
[Black "Goroshkov, Maksym"]
[Result "1/2-1/2"]
[WhiteElo "2084"]
[BlackElo "2111"]
[PlyCount "50"]
[EventDate "2022.??.??"]
[EventCountry "GRE"]
[WhiteTeam "Bulgaria"]
[BlackTeam "Ukraine"]
[WhiteTeamCountry "BUL"]
[BlackTeamCountry "UKR"]

1. c4 Nf6 2. Nc3 g6 3. e4 d6 4. d4 Bg7 5. f3 O-O 6. Be3 c6 7. Qd2 a6 8. Bh6 e5
9. d5 Nxe4 10. Nxe4 Qh4+ 11. g3 Qxh6 12. Qxh6 Bxh6 13. Nxd6 Rd8 14. Nxc8 Rxc8
15. Rd1 cxd5 16. Rxd5 Nc6 17. Rd7 b6 18. Ne2 Rd8 19. Bh3 f5 20. Rc7 Nb4 21. O-O
Be3+ 22. Kh1 Rd2 23. Nc3 Rad8 24. a3 Rxb2 25. Nd1 Nd3 1/2-1/2

[Event "Rhodes Easter Open"]
[Site "Rhodes"]
[Date "2022.04.24"]
[Round "4.3"]
[White "Toktomushev, Teimur"]
[Black "Klifoth, Kurt"]
[Result "1-0"]
[WhiteElo "1946"]
[BlackElo "2093"]
[PlyCount "79"]
[EventDate "2022.??.??"]
[EventCountry "GRE"]
[WhiteTeam "Ukraine"]
[BlackTeam "Denmark"]
[WhiteTeamCountry "UKR"]
[BlackTeamCountry "DEN"]

1. d4 e6 2. c4 f5 3. g3 Nf6 4. Bg2 Be7 5. Nf3 O-O 6. O-O d6 7. b3 Ne4 8. Bb2
Bf6 9. Qc2 Nc6 10. e3 a5 11. Nfd2 Nxd2 12. Nxd2 e5 13. dxe5 Nb4 14. Qb1 dxe5
15. a3 Nc6 16. Bd5+ Kh8 17. Nf3 e4 18. Bxc6 bxc6 19. Rd1 Qe7 20. Bxf6 Rxf6 21.
Nd4 c5 22. Ne2 Be6 23. Qc2 Bf7 24. Nf4 c6 25. h4 Rd8 26. Rxd8+ Qxd8 27. Rd1 Rd6
28. Rxd6 Qxd6 29. Kg2 Kg8 30. Qe2 g6 31. g4 Qd7 32. Kg3 h6 33. gxf5 Qxf5 34.
Qg4 a4 35. bxa4 Kg7 36. Qxf5 gxf5 37. a5 Bxc4 38. a6 Bxa6 39. Ne6+ Kf6 40. Nxc5
1-0

[Event "Rhodes Easter Open"]
[Site "Rhodes"]
[Date "2022.04.24"]
[Round "4.4"]
[White "Shahmammadli, Safkhan"]
[Black "Ehab, Mohamed"]
[Result "1-0"]
[WhiteElo "2063"]
[BlackElo "1934"]
[PlyCount "75"]
[EventDate "2022.??.??"]
[EventCountry "GRE"]
[WhiteTeam "Switzerland"]
[BlackTeam "Egypt"]
[WhiteTeamCountry "SUI"]
[BlackTeamCountry "EGY"]

1. e4 c5 2. Nf3 Nc6 3. d3 e6 4. g3 d5 5. Qe2 dxe4 6. dxe4 e5 7. h3 Nf6 8. c3
Be7 9. Bg2 Qc7 10. O-O O-O 11. Na3 a6 12. Nh4 Rd8 13. Nc4 b5 14. Ne3 Be6 15. f4
Qd7 16. Rd1 Bc4 17. Qe1 Qe6 18. Nd5 Ne8 19. b3 Bxh4 20. gxh4 Bxd5 21. exd5 Qd6
22. Ba3 Ne7 23. fxe5 Qg6 24. Bxc5 Nxd5 25. Kh2 Rac8 26. Bxd5 Rxc5 27. Bxf7+
Qxf7 28. Rxd8 Qe7 29. Rad1 Rxe5 30. Qg3 Re2+ 31. Kg1 Re6 32. Kh1 Re3 33. Qg4 h5
34. Qf5 Qxh4 35. R8d3 Re2 36. Rf3 Qe7 37. Rd7 Re1+ 38. Kg2 1-0

[Event "Rhodes Easter Open"]
[Site "Rhodes"]
[Date "2022.04.25"]
[Round "5.1"]
[White "Goroshkov, Maksym"]
[Black "Andrijashkin, Deniss"]
[Result "1-0"]
[WhiteElo "2111"]
[BlackElo "2076"]
[PlyCount "51"]
[EventDate "2022.??.??"]
[EventCountry "GRE"]
[WhiteTeam "Ukraine"]
[BlackTeam "Estonia"]
[WhiteTeamCountry "UKR"]
[BlackTeamCountry "EST"]

1. Nf3 g6 2. g3 Bg7 3. Bg2 Nf6 4. O-O O-O 5. d4 d6 6. c4 Nc6 7. Nc3 e5 8. dxe5
Nxe5 9. Nxe5 dxe5 10. Bg5 Qxd1 11. Raxd1 c6 12. b3 Bf5 13. Rd2 h6 14. Be3 Rfe8
15. h3 Bf8 16. g4 Be6 17. Rd3 Kg7 18. f4 exf4 19. Rxf4 g5 20. Rf1 Nd7 21. Bd4+
f6 22. Ne4 Be7 23. Ng3 Ne5 24. Nh5+ Kg8 25. Re3 Red8 26. Bxe5 1-0

[Event "Rhodes Easter Open"]
[Site "Rhodes"]
[Date "2022.04.25"]
[Round "5.2"]
[White "Skytte, Rasmus"]
[Black "Krivenko, Dion"]
[Result "1/2-1/2"]
[WhiteElo "2357"]
[BlackElo "2025"]
[PlyCount "118"]
[EventDate "2022.??.??"]
[EventCountry "GRE"]
[WhiteTeam "Denmark"]
[BlackTeam "Estonia"]
[WhiteTeamCountry "DEN"]
[BlackTeamCountry "EST"]

1. e4 c5 2. Nc3 e6 3. Nf3 Nc6 4. Bb5 Nd4 5. Bc4 a6 6. Nxd4 cxd4 7. Ne2 Bc5 8.
O-O Ne7 9. d3 d5 10. exd5 Nxd5 11. Nf4 Nf6 12. Qf3 O-O 13. Bd2 Rb8 14. Rfe1 b5
15. Bb3 Qc7 16. a4 Bd6 17. g3 Bb7 18. Qe2 Qc6 19. f3 e5 20. Nh3 h6 21. Kg2 Nd5
22. Nf2 Rbe8 23. axb5 axb5 24. Bxd5 Qxd5 25. Qe4 f5 26. Qxd5+ Bxd5 27. Ra5 Rb8
28. h4 Bc7 29. Ra7 Rb7 30. Ra6 Re8 31. Bb4 Kf7 32. g4 fxg4 33. Nxg4 Re6 34.
Rxe6 Kxe6 35. c3 Kf5 36. cxd4 exd4 37. Re8 Bf4 38. Bc5 h5 39. Nf2 Be5 40. b4
Bf6 41. Ne4 Bxe4 42. Rxe4 Rd7 43. Kg3 g5 44. hxg5 Kxg5 45. Re6 Kf5 46. Rb6 Be5+
47. f4 Rg7+ 48. Kf3 Bxf4 49. Bxd4 Rg3+ 50. Ke2 Rg6 51. Rxb5+ Kg4 52. Be5 Re6
53. d4 h4 54. Kf2 Bg3+ 55. Bxg3 hxg3+ 56. Kg1 Re1+ 57. Kg2 Rb1 58. Rb8 Rb2+ 59.
Kg1 Rb1+ 1/2-1/2

[Event "Rhodes Easter Open"]
[Site "Rhodes"]
[Date "2022.04.25"]
[Round "5.3"]
[White "Rousos, Stamatios"]
[Black "Shahmammadli, Safkhan"]
[Result "0-1"]
[WhiteElo "1732"]
[BlackElo "2063"]
[PlyCount "52"]
[EventDate "2022.??.??"]
[EventCountry "GRE"]
[WhiteTeam "Greece"]
[BlackTeam "Switzerland"]
[WhiteTeamCountry "GRE"]
[BlackTeamCountry "SUI"]

1. e4 d6 2. d4 g6 3. Nc3 Bg7 4. Be3 a6 5. Qd2 b5 6. a4 b4 7. Nd5 a5 8. c3 c6 9.
Nf4 bxc3 10. bxc3 Nd7 11. Bc4 Ngf6 12. e5 dxe5 13. Bxf7+ Kxf7 14. Qa2+ Nd5 15.
Nxd5 e6 16. Bg5 Qxg5 17. Nc7 Nb6 18. Nxa8 Nxa8 19. f4 exf4 20. Nf3 Qd5 21. Qe2
Nb6 22. Nd2 Rf8 23. O-O Kg8 24. Ne4 Nc4 25. Rfb1 Ne3 26. Qf3 Nc2 0-1

[Event "Rhodes Easter Open"]
[Site "Rhodes"]
[Date "2022.04.25"]
[Round "5.4"]
[White "Abhishek, Pradhan"]
[Black "Toktomushev, Teimur"]
[Result "0-1"]
[WhiteElo "1636"]
[BlackElo "1946"]
[PlyCount "44"]
[EventDate "2022.??.??"]
[EventCountry "GRE"]
[WhiteTeam "India"]
[BlackTeam "Ukraine"]
[WhiteTeamCountry "IND"]
[BlackTeamCountry "UKR"]

1. d4 d5 2. c4 e6 3. Nc3 Nf6 4. Nf3 Be7 5. Bf4 O-O 6. e3 b6 7. a3 Bb7 8. cxd5
Nxd5 9. Nxd5 Bxd5 10. Be2 Nd7 11. O-O c5 12. dxc5 Nxc5 13. Nd2 Bf6 14. Rb1 Qe7
15. Bf3 Rfd8 16. Qe2 Bxf3 17. Nxf3 e5 18. Bg3 e4 19. Nd2 Rd3 20. b4 Na4 21. Rb3
Nc3 22. Qe1 Rad8 0-1

[Event "Rhodes Easter Open"]
[Site "Rhodes"]
[Date "2022.04.26"]
[Round "6.1"]
[White "Shahmammadli, Safkhan"]
[Black "Goroshkov, Maksym"]
[Result "1/2-1/2"]
[WhiteElo "2063"]
[BlackElo "2111"]
[PlyCount "51"]
[EventDate "2022.??.??"]
[EventCountry "GRE"]
[WhiteTeam "Switzerland"]
[BlackTeam "Ukraine"]
[WhiteTeamCountry "SUI"]
[BlackTeamCountry "UKR"]

1. Nf3 Nf6 2. g3 g6 3. d3 d5 4. Bg2 Bg7 5. O-O O-O 6. Nbd2 c5 7. e4 Nc6 8. Re1
dxe4 9. dxe4 Ng4 10. h3 Nge5 11. Qe2 b6 12. Nxe5 Nd4 13. Qd1 Bxe5 14. Nc4 Bg7
15. c3 Ba6 16. Bf1 Nc6 17. Ne5 Bb7 18. Nxc6 Bxc6 19. Qc2 Qc7 20. Be3 Rad8 21.
Rad1 Qb7 22. Rxd8 Rxd8 23. Rd1 Rd7 24. Rxd7 Qxd7 25. Qd3 Qxd3 26. Bxd3 1/2-1/2

[Event "Rhodes Easter Open"]
[Site "Rhodes"]
[Date "2022.04.26"]
[Round "6.2"]
[White "Toktomushev, Teimur"]
[Black "Skytte, Rasmus"]
[Result "1/2-1/2"]
[WhiteElo "1946"]
[BlackElo "2357"]
[PlyCount "49"]
[EventDate "2022.??.??"]
[EventCountry "GRE"]
[WhiteTeam "Ukraine"]
[BlackTeam "Denmark"]
[WhiteTeamCountry "UKR"]
[BlackTeamCountry "DEN"]

1. d4 d5 2. c4 e6 3. Nc3 a6 4. cxd5 exd5 5. Nf3 c6 6. Qc2 Nf6 7. Bg5 Be6 8. e3
Nbd7 9. Bd3 h6 10. Bf4 Be7 11. O-O O-O 12. h3 Rc8 13. Rac1 c5 14. dxc5 Nxc5 15.
Rfd1 Qb6 16. Nd4 Rfd8 17. Bf5 Bd6 18. Bxd6 Qxd6 19. b4 Ncd7 20. Qb3 Qe5 21.
Bxe6 fxe6 22. Nf3 Qf5 23. Nd4 Qe5 24. Nf3 Qb8 25. e4 1/2-1/2

[Event "Rhodes Easter Open"]
[Site "Rhodes"]
[Date "2022.04.26"]
[Round "6.3"]
[White "Angelov, Zvetomir"]
[Black "Andrijashkin, Deniss"]
[Result "0-1"]
[WhiteElo "2084"]
[BlackElo "2076"]
[PlyCount "136"]
[EventDate "2022.??.??"]
[EventCountry "GRE"]
[WhiteTeam "Bulgaria"]
[BlackTeam "Estonia"]
[WhiteTeamCountry "BUL"]
[BlackTeamCountry "EST"]

1. c4 g6 2. Nc3 Bg7 3. Nf3 Nf6 4. d4 O-O 5. e4 d6 6. h3 Nbd7 7. Bd3 e5 8. d5
Nh5 9. Bc2 a5 10. Bg5 f6 11. Be3 Nf4 12. Rg1 Nb6 13. b3 f5 14. Qd2 Nd7 15.
O-O-O Nf6 16. exf5 gxf5 17. g3 Ng6 18. Bh6 Qe7 19. Nh4 Bxh6 20. Qxh6 Nxh4 21.
gxh4+ Kh8 22. Rg5 Bd7 23. Rdg1 Rg8 24. f3 Qf8 25. Rxg8+ Nxg8 26. Qg5 Qf7 27.
Ne2 Nf6 28. Qh6 Rg8 29. Rg5 Rxg5 30. hxg5 Ng8 31. Qh4 Ne7 32. g6 Nxg6 33. Qd8+
Be8 34. Bxf5 Qxf5 35. Qxe8+ Kg7 36. Qd8 Qd3 37. Qd7+ Kh6 38. Ng3 Qe3+ 39. Kd1
Qg1+ 40. Kc2 Qf2+ 41. Kb1 Qxg3 42. Qxc7 Qxf3 43. Qxd6 Qd1+ 44. Kb2 Qd2+ 45. Ka3
e4 46. Qe6 e3 47. d6 e2 48. d7 e1=Q 49. Qxe1 Qxe1 50. d8=Q Qe7+ 51. Qxe7 Nxe7
52. Ka4 Kh5 53. Kxa5 Nc8 54. c5 Kh4 55. b4 Kxh3 56. a4 Kg4 57. c6 bxc6 58. Ka6
h5 59. a5 h4 60. Kb7 h3 61. Kxc8 h2 62. a6 h1=Q 63. a7 c5 64. bxc5 Qa8+ 65. Kc7
Qxa7+ 66. Kd6 Qb8+ 67. Kd7 Qb7+ 68. Kd6 Qc8 0-1

[Event "Rhodes Easter Open"]
[Site "Rhodes"]
[Date "2022.04.26"]
[Round "6.4"]
[White "Krivenko, Dion"]
[Black "Kalpakidis, Daniel Kyriakos"]
[Result "1/2-1/2"]
[WhiteElo "2025"]
[BlackElo "1318"]
[PlyCount "70"]
[EventDate "2022.??.??"]
[EventCountry "GRE"]
[WhiteTeam "Estonia"]
[BlackTeam "Greece"]
[WhiteTeamCountry "EST"]
[BlackTeamCountry "GRE"]

1. e4 e5 2. Nc3 Nf6 3. f4 d6 4. Nf3 Nc6 5. Bb5 Bd7 6. d3 Qe7 7. fxe5 Nxe5 8.
Bxd7+ Qxd7 9. d4 Ng6 10. Bg5 Be7 11. Qd2 O-O 12. O-O-O Ng4 13. h3 Bxg5 14. Nxg5
Nh6 15. g4 c6 16. Nf3 f6 17. Rdg1 b5 18. Rh2 b4 19. Ne2 Qe6 20. Ng3 Qxa2 21.
Qxb4 Rab8 22. Qa3 Qxa3 23. bxa3 Rb5 24. Nd2 Rfb8 25. Ne2 Ra5 26. Rg3 Ne7 27.
Nc4 Rab5 28. Nxd6 Rb1+ 29. Kd2 Rd8 30. Nc4 Nf7 31. Rd3 Ng5 32. Ke3 Rf1 33. Nd2
Nd5+ 34. exd5 Re8+ 35. Ne4 Nxe4 1/2-1/2

[Event "Rhodes Easter Open"]
[Site "Rhodes"]
[Date "2022.04.27"]
[Round "7.1"]
[White "Goroshkov, Maksym"]
[Black "Skytte, Rasmus"]
[Result "1/2-1/2"]
[WhiteElo "2111"]
[BlackElo "2357"]
[PlyCount "42"]
[EventDate "2022.??.??"]
[EventCountry "GRE"]
[WhiteTeam "Ukraine"]
[BlackTeam "Denmark"]
[WhiteTeamCountry "UKR"]
[BlackTeamCountry "DEN"]

1. Nf3 d5 2. b3 Bg4 3. Bb2 Nd7 4. d4 Bxf3 5. exf3 e6 6. Bd3 g6 7. f4 Bg7 8. Nd2
c5 9. Nf3 Qa5+ 10. Qd2 Qxd2+ 11. Kxd2 cxd4 12. Rae1 Ne7 13. Bxd4 Bxd4 14. Nxd4
Nc5 15. Bb5+ Kd8 16. f3 a6 17. Bd3 Nc6 18. Nxc6+ bxc6 19. g4 Kd7 20. h4 h5 21.
c3 Kd6 1/2-1/2

[Event "Rhodes Easter Open"]
[Site "Rhodes"]
[Date "2022.04.27"]
[Round "7.2"]
[White "Andrijashkin, Deniss"]
[Black "Toktomushev, Teimur"]
[Result "0-1"]
[WhiteElo "2076"]
[BlackElo "1946"]
[PlyCount "100"]
[EventDate "2022.??.??"]
[EventCountry "GRE"]
[WhiteTeam "Estonia"]
[BlackTeam "Ukraine"]
[WhiteTeamCountry "EST"]
[BlackTeamCountry "UKR"]

1. e4 c5 2. Nf3 e6 3. g3 Nc6 4. Bg2 Nf6 5. Qe2 e5 6. O-O Be7 7. Nc3 O-O 8. Nd5
d6 9. Nxe7+ Qxe7 10. d3 Be6 11. c3 d5 12. Ng5 dxe4 13. dxe4 Bg4 14. f3 Bd7 15.
Be3 h6 16. Nh3 Rfd8 17. Nf2 Na5 18. b3 Nc6 19. f4 Rac8 20. f5 b5 21. Nd3 Na5
22. b4 cxb4 23. cxb4 Nc4 24. Bc5 Qe8 25. Bxa7 Bxf5 26. exf5 Qd7 27. Bc5 Qxd3
28. Qxd3 Rxd3 29. Rfd1 Nb2 30. Rxd3 Nxd3 31. Bf1 e4 32. Bxd3 exd3 33. Rd1 Rd8
34. Kf2 d2 35. Ke2 Ne4 36. Ke3 Re8 37. Kf4 g5+ 38. fxg6 fxg6 39. Be3 g5+ 40.
Kf3 g4+ 41. Kf4 Nc3 42. Rxd2 Re4+ 43. Kf5 Rxe3 44. Kxg4 Re2 45. Rxe2 Nxe2 46.
Kf3 Nc3 47. a3 Nb1 48. Ke4 Nxa3 49. Kd5 Kg7 50. g4 h5 0-1

[Event "Rhodes Easter Open"]
[Site "Rhodes"]
[Date "2022.04.27"]
[Round "7.3"]
[White "Krivenko, Dion"]
[Black "Shahmammadli, Safkhan"]
[Result "1-0"]
[WhiteElo "2025"]
[BlackElo "2063"]
[PlyCount "75"]
[EventDate "2022.??.??"]
[EventCountry "GRE"]
[WhiteTeam "Estonia"]
[BlackTeam "Switzerland"]
[WhiteTeamCountry "EST"]
[BlackTeamCountry "SUI"]

1. e4 g6 2. d4 d6 3. Nc3 Bg7 4. Bg5 a6 5. f4 b5 6. Be2 Bb7 7. Bf3 Nd7 8. e5 Qc8
9. Qe2 Nb6 10. O-O-O d5 11. Nh3 b4 12. Nb1 e6 13. Nf2 Bh6 14. Nd2 Bxg5 15. fxg5
c5 16. dxc5 Qxc5 17. Nb3 Qc7 18. Ng4 O-O-O 19. Qd2 Qe7 20. Na5 Qc5 21. Nb3 Qe7
22. Qf4 Nc4 23. Be2 Qc7 24. Rd4 Ne7 25. Bxc4 dxc4 26. Rxc4 Nc6 27. Rf1 Rhf8 28.
Qe3 Kb8 29. Qc5 Rfe8 30. Qf2 Re7 31. Nc5 Rd5 32. Nd3 Qa5 33. Kb1 Rc7 34. b3 Na7
35. Rxc7 Qxc7 36. Qxf7 Qc8 37. Qf8 Rd8 38. Qc5 1-0

[Event "Rhodes Easter Open"]
[Site "Rhodes"]
[Date "2022.04.27"]
[Round "7.4"]
[White "Angelov, Zvetomir"]
[Black "Yaramis, Hakan"]
[Result "1/2-1/2"]
[WhiteElo "2084"]
[BlackElo "2021"]
[PlyCount "116"]
[EventDate "2022.??.??"]
[EventCountry "GRE"]
[WhiteTeam "Bulgaria"]
[BlackTeam "Turkey"]
[WhiteTeamCountry "BUL"]
[BlackTeamCountry "TUR"]

1. c4 Nf6 2. Nc3 g6 3. d4 Bg7 4. e4 d6 5. Be2 O-O 6. h4 e5 7. d5 c6 8. h5 cxd5
9. cxd5 Nbd7 10. g4 Nc5 11. f3 a5 12. Be3 Bd7 13. Qd2 Rc8 14. Bh6 Qe7 15. Rd1
Rc7 16. Nh3 Bxg4 17. Bxg7 Kxg7 18. fxg4 Nfxe4 19. Nxe4 Nxe4 20. Qe3 Qh4+ 21.
Nf2 Qxf2+ 22. Qxf2 Nxf2 23. Kxf2 Rc2 24. Rc1 Rxb2 25. Rb1 Rxa2 26. Rxb7 a4 27.
Rc1 Rd2 28. Rb5 Ra8 29. Ke3 Rd4 30. Rc4 a3 31. Rb1 a2 32. Ra1 Ra3+ 33. Kf2 Rxd5
34. Rc2 Rda5 35. hxg6 hxg6 36. Bc4 R5a4 37. g5 Kf8 38. Bxa2 Rf4+ 39. Ke2 Rg4
40. Rf1 Ra7 41. Rc8+ Kg7 42. Bd5 Rxg5 43. Rd8 Rh5 44. Rxd6 Rh2+ 45. Rf2 Rxf2+
46. Kxf2 f5 47. Re6 e4 48. Bxe4 fxe4 49. Rxe4 Ra3 50. Kg2 Kf6 51. Rc4 Kg5 52.
Rc8 Kh4 53. Rc4+ Kh5 54. Rc8 g5 55. Rc4 Ra2+ 56. Kg3 Ra3+ 57. Kg2 g4 58. Rc8
Ra2+ 1/2-1/2